| 000 | 00000nam##2200000za#4500 |
| 001 | 9.695722 |
| 003 | CaOODSP |
| 005 | 20230202144025 |
| 007 | cr ||||||||||| |
| 008 | 150407|1996||||xxc|||||o f|0| 0 eng|d |
| 040 | |aCaOODSP|beng |
| 043 | |an-cn--- |
| 086 | 1 |aH72-21/147-1996E-PDF |
| 110 | 2 |aNational Clearinghouse on Family Violence (Canada). |
| 245 | 10|aSafety and savings : |h[electronic resource]|bcrime prevention through social development |
| 260 | |aOttawa - Ontario : |bHealth Canada. |cMarch 1996. |
| 300 | |a8p.|breferences |
| 590 | |a12-14-Supp|b2012-04-10 |
| 775 | 08|tSécurité et économies : |w(CaOODSP)9.639848 |
| 776 | 0#|tSafety and savings: crime prevention through social development / |w(CaOODSP)9.646263 |
| 856 | 40|ahttp://publications.gc.ca|qPDF|s844 KB|uhttps://publications.gc.ca/collections/Collection/H72-21-147-1996E.pdf |